Cargando...

Oru Sikkariyude Smaranakal

Detalles Bibliográficos
Autor Principal: Ittan. T. M.
Formato: Printed Book
Idioma:Malayalam
Publicado: Kottayam N.B.S. 1971
LEADER 00409nam a2200121Ia 4500
008 111205s9999 xx 000 0 mal d
100 |a Ittan. T. M. 
245 |a Oru Sikkariyude Smaranakal  |c Ittan. T. M. 
260 |b N.B.S.  |a Kottayam  |c 1971 
300 |a 183 
942 |c BK 
999 |c 212086  |d 212086 
952 |0 0  |1 0  |2 ddc  |4 0  |6 S_10R1  |7 0  |9 234558  |a MAL  |b MAL  |c SEC  |d 1980-03-26  |g 0.00  |l 0  |o S10R1  |p MAL10005  |r 2015-04-13  |v 0.00  |w 2015-04-13  |y BK